Numbers in French - Statistics

General Stats
  • This quiz has been taken 866 times
  • The average score is 39 of 50
Answer Stats
Hint Answer % Correct
1 un
100%
2 deux
98%
3 trois
97%
5 cinq
96%
10 dix
95%
7 sept
95%
8 huit
94%
9 neuf
94%
4 quatre
94%
6 six
94%
11 onze
90%
18 dix-huit
86%
19 dix-neuf
86%
17 dix-sept
86%
12 douze
85%
20 vingt
85%
13 treize
82%
14 quatorze
81%
22 vingt-deux
79%
21 vingt et un
78%
23 vingt-trois
78%
25 vingt-cinq
77%
28 vingt-huit
77%
29 vingt-neuf
77%
27 vingt-sept
77%
16 seize
76%
30 trente
76%
24 vingt-quatre
76%
26 vingt-six
76%
15 quinze
74%
32 trente-deux
73%
33 trente-trois
72%
35 trente-cinq
71%
31 trente et un
71%
34 trente-quatre
71%
37 trente-sept
71%
38 trente-huit
70%
39 trente-neuf
70%
36 trente-six
70%
40 quarante
67%
42 quarante-deux
63%
41 quarante et un
63%
43 quarante-trois
62%
45 quarante-cinq
61%
44 quarante-quatre
61%
50 cinquante
60%
47 quarante-sept
60%
46 quarante-six
60%
48 quarante-huit
59%
49 quarante-neuf
58%
No matching quizzes found
Score Distribution
Percent of People with Each Score
Percentile by Number Answered
Your Score History
You have not taken this quiz